000 00594nam a2200193 i 4500
001 34879
003 ES-MaACL
005 20230906155020.0
007 t|
008 030211s1914 fr ||||1| fre d
100 1 _aBonnier, Pierre.
_930280
245 1 0 _aDéfense organique et centres nerveux /
_cPierre Bonnier.
260 _aParís :
_bErnest Flammarion,
_c1914 (
_fHemmerlé)
300 _a285 p. ;
_c18 cm.
490 1 _aBibliothèque de philosophie scientifique
830 0 _aBibliothèque de philosophie scientifique
_9181135
852 _aES-MaACL
_jF-6369
999 _c34879
_d34879